000 01353nam a22003374a 4500
001 ebr10001666
003 CaPaEBR
006 m u
007 cr cn|||||||||
008 010209s2001 moua sb s001 0beng
010 _z 2001023365
020 _z0826213367 (alk. paper)
040 _aCaPaEBR
_cCaPaEBR
035 _a(OCoLC)179155651
050 1 4 _aGV865.M8
_bG34 2001eb
082 0 4 _a796.357/092
_aB
_221
100 1 _aGiglio, James N.,
_d1939-
245 1 0 _aMusial
_h[electronic resource] :
_bfrom Stash to Stan the Man /
_cJames N. Giglio.
260 _aColumbia, Mo. :
_bUniversity of Missouri Press,
_cc2001.
300 _axviii, 345 p. :
_bill.
490 1 _aMissouri biography series
504 _aIncludes bibliographical references (p. 315-334) and index.
533 _aElectronic reproduction.
_bPalo Alto, Calif. :
_cebrary,
_d2013.
_nAvailable via World Wide Web.
_nAccess may be limited to ebrary affiliated libraries.
600 1 0 _aMusial, Stan,
_d1920-
610 2 0 _aSt. Louis Cardinals (Baseball team)
_xHistory.
650 0 _aBaseball players
_zUnited States
_vBiography.
655 7 _aElectronic books.
_2local
710 2 _aebrary, Inc.
830 0 _aMissouri biography series.
856 4 0 _uhttp://site.ebrary.com/lib/rucke/Doc?id=10001666
_zAn electronic book accessible through the World Wide Web; click to view
999 _c4688
_d4688